Giáo trình giáo dục học Biên soạn theo module

Trình bày những vấn đề chung về giáo dục học, lí luận dạy học, lí luận giáo dục. Hướng dẫn tự học môn giáo dục học biên soạn theo module.

Gorde:
Xehetasun bibliografikoak
Egile nagusia: Phan Thị Hồng Vinh
Beste egile batzuk: Dương Anh Tuấn, Nguyễn Giang Nam
Formatua: Liburua
Hizkuntza:Vietnamese
Argitaratua: H. Đại học Sư phạm 2011
Gaiak:
Etiketak: Etiketa erantsi
Etiketarik gabe, Izan zaitez lehena erregistro honi etiketa jartzen!
Thư viện lưu trữ: Mạng thư viện Đại học Đà Nẵng
LEADER 01394nam a2200361 4500
001 000024162
003 20641
005 20161018101019.0
008 161017s2011 viesd
020 |c 30000đ 
041 0 |a vie 
082 1 4 |a 370.711  |b PH-V 
100 1 |a Phan Thị Hồng Vinh 
245 1 0 |a Giáo trình giáo dục học  |b Biên soạn theo module  |c Phan Thị Hồng Vinh (ch.b), Dương Anh Tuấn, Nguyễn Giang Nam. 
260 |a H.  |b Đại học Sư phạm  |c 2011 
300 |a 151 tr.  |c 24 cm. 
504 |a Thư mục: tr. 150-151 
520 3 |a Trình bày những vấn đề chung về giáo dục học, lí luận dạy học, lí luận giáo dục. Hướng dẫn tự học môn giáo dục học biên soạn theo module. 
650 0 4 |a Giáo dục học 
653 |a Phương pháp giảng dạy 
653 |a Giáo dục học 
700 1 |a Dương Anh Tuấn 
700 1 |a Nguyễn Giang Nam 
OWN |a LSP 
AVA |a UDN50  |b LSP  |d 370.711 PH-V  |e available  |t Error 5001 Not defined in file expand_doc_bib_avail.  |f 5  |g 0  |h N  |i 0  |k 1 
999 |a From the UDN01 
AVA |a UDN50  |b LSP  |d 370.711 PH-V  |e available  |t Error 5001 Not defined in file expand_doc_bib_avail.  |f 5  |g 0  |h N  |i 0  |k 1 
TYP |a Monograph 
TYP |a Printed language 
980 |a Mạng thư viện Đại học Đà Nẵng